| 000 | 00819nam a2200253Ia 4500 | ||
|---|---|---|---|
| 003 | OSt | ||
| 005 | 20221005040510.0 | ||
| 006 | a|||||r|||| 00| 0 | ||
| 007 | ta | ||
| 008 | 221004b |||||||| |||| 00| 0 eng d | ||
| 020 |
_a8120820436 (hbk) _c795 |
||
| 024 | _a89157 | ||
| 037 |
_b19390, 17/03/2008, Motilal Banarsidass _cTextual |
||
| 040 |
_aCRL _cCRL _beng |
||
| 041 |
_2eng _aeng |
||
| 082 | _aQ21:226, P4-;2 | ||
| 100 |
_aRaghunandan _9416175 |
||
| 245 | 0 |
_aWisdom of the Vasistha _b a study of laghu yoga Vasistha from a seeker's point of view |
|
| 260 |
_aDelhi _bMotilal Banarsidass Publishers India _c2004 |
||
| 300 |
_axxi, 524p. _ccm. |
||
| 650 | _aRELIGION | ||
| 942 |
_hQ21:226, P4-;2 _cTEXL _2cc |
||
| 999 |
_c946997 _d946997 |
||